Landkreise in Niedersachsen - Statistiken

Allgemein
  • Dieses Quiz wurde 59 mal gespielt
  • Das Durchschnittsergebnis liegt bei 23 aus 37
Antwortstatistiken
Antwort % Korrekt
Region Hannover
91%
Oldenburg
87%
Aurich
80%
Osnabrück
80%
Emsland
78%
Göttingen
76%
Cuxhaven
74%
Friesland
72%
Celle
70%
Cloppenburg
70%
Hildesheim
70%
Stade
69%
Vechta
69%
Goslar
67%
Leer
67%
Lüneburg
67%
Ammerland
63%
Peine
59%
Wolfenbüttel
59%
Uelzen
57%
Diepholz
56%
Nienburg (Weser)
56%
Schaumburg
56%
Wittmund
56%
Harburg
54%
Verden
54%
Wesermarsch
54%
Gifhorn
52%
Grafschaft Bentheim
52%
Helmstedt
52%
Osterholz
52%
Rotenburg (Wümme)
52%
Heidekreis
50%
Holzminden
50%
Lüchow-Dannenberg
43%
Northeim
43%
Hameln-Pyrmont
26%
Keine übereinstimmenden Quizze gefunden
Verteilung der Resultate
Anzahl Personen mit jedem Resultat
Perzentil nach korrekt beantworteten Fragen
Ihre Resultats-Entwicklung
Sie haben dieses Quiz noch nicht gespielt